000 00967cam a2200277 a 4500
001 4835440
003 OSt
005 20240719112459.0
008 900522s1991 nyua b 000 0 eng
010 _a 90039792
020 _a039396079X (pbk.)
040 _aMUST LIB
_cMUST
_dMUST
050 0 0 _aHB172
_b.M35 1990
082 0 0 _a338.5
_220
_bMAN
100 1 _aMansfield, Edwin.
_918511
245 1 0 _aMicroeconomic problems :
_bcase studies and exercises for review /
_cEdwin Mansfield.
250 _a7th ed.
260 _aNew York :
_bNorton,
_cc1991.
300 _a296 p. :
_bill. ;
_c26 cm.
504 _aIncludes bibliographical references.
650 0 _aMicroeconomics
_xProblems, exercises, etc.
_918878
650 0 _aMicroeconomics
_xCase studies.
_918879
906 _a7
_bcbc
_corignew
_d1
_eocip
_f19
_gy-gencatlg
942 _2ddc
_cO_SHELF
999 _c9248
_d9248